El amo del mundo / (Record no. 32773)

MARC details
000 -LEADER
campo de control de longitud fija 00560nam a2200181 i 4500
001 - NÚMERO DE CONTROL
campo de control 32773
003 - IDENTIFICADOR DE NÚMERO DE CONTROL
campo de control ES-MaACL
005 - FECHA Y HORA DE LA ÚLTIMA TRANSACCIÓN
campo de control 20230906154631.0
007 - CAMPO FIJO DE DESCRIPCIÓN FÍSICA--INFORMACIÓN GENERAL
campo de control de longitud fija t|
008 - DATOS DE LONGITUD FIJA--INFORMACIÓN GENERAL
campo de control de longitud fija 030131s1956 sp ||||1| spa d
100 1# - ENTRADA PRINCIPAL--NOMBRE DE PERSONA
Nombre de persona Benson, Robert Hugh.
9 (RLIN) 27779
245 13 - MENCIÓN DEL TÍTULO
Título El amo del mundo /
Mención de responsabilidad, etc. Roberto Hugo Benson ; novela traducida directamente del inglés por Juan Mateos.
250 ## - MENCION DE EDICION
Mención de edición 6ª ed.
260 ## - PUBLICACIÓN, DISTRIBUCIÓN, ETC.
Lugar de publicación, distribución, etc. Barcelona :
Nombre del editor, distribuidor, etc. Gustavo Gili,
Fecha de publicación, distribución, etc. 1956 (
Fabricante Imp. Juvenil)
300 ## - DESCRIPCIÓN FÍSICA
Extensión 373 p. ;
Dimensiones 19 cm.
700 1# - ENTRADA AGREGADA--NOMBRE PERSONAL
Nombre de persona Mateos, Juan.
9 (RLIN) 78979
852 ## - LOCALIZACIÓN
Ubicación ES-MaACL
Número de control de estantería C-11024
Sublocalización o colección R.39181
Holdings
Estatus retirado Estado de pérdida Estado de daño No para préstamo Biblioteca de origen Biblioteca actual Ubicación en estantería Fecha de adquisición Fuente de adquisición Total de préstamos Signatura topográfica completa Código de barras Visto por última vez Precio de reemplazo Tipo de ítem Koha
        Biblioteca del Ateneo de Madrid Biblioteca del Ateneo de Madrid Sala Palomar 17/01/2008     C-11024 1034002 23/02/2023 23/02/2023 Libro impreso